Pays où la circulation s'effectue à gauche - Statistiques

Statistiques générales
  • Ce quiz a été pris 250 fois
  • Le résultat moyen est 28 sur 49
Statistiques - réponses
Continent Pays % Correct
Europe Royaume-Uni
97%
Océanie Australie
92%
Océanie Nouvelle-Zélande
89%
Europe Irlande
88%
Afrique Afrique du Sud
85%
Asie Inde
80%
Asie Japon
72%
Asie Indonésie
71%
Afrique Kenya
71%
Afrique Lesotho
70%
Afrique Tanzanie
65%
Afrique Zimbabwe
65%
Afrique Namibie
63%
Afrique Zambie
63%
Afrique Mozambique
61%
Asie Pakistan
61%
Amérique Jamaïque
60%
Asie Malaisie
60%
Afrique Botswana
59%
Afrique Ouganda
57%
Asie Thaïlande
57%
Amérique Bahamas
56%
Asie Bangladesh
56%
Amérique Barbade
56%
Océanie Samoa
56%
Océanie Tonga
56%
Afrique Swaziland
55%
Amérique Sainte-Lucie
54%
Asie Singapour
53%
Amérique Dominique
52%
Asie Népal
52%
Afrique Malawi
51%
Europe Malte
51%
Amérique Grenade
50%
Amérique Saint-Vincent-et-les-Grenadines
50%
Amérique Antigua-et-Barbuda
49%
Océanie Nauru
47%
Océanie Papouasie-Nouvelle-Guinée
47%
Asie Sri Lanka
45%
Asie Bhoutan
44%
Amérique Saint-Christophe-et-Niévès
44%
Afrique Seychelles
42%
Europe Chypre
41%
Amérique Guyana
38%
Asie Brunei
37%
Amérique Trinité-et-Tobago
36%
Afrique Maurice
35%
Asie Timor-Oriental
34%
Amérique Suriname
30%
Aucun quiz correspondant
Distribution des résultats
% des personnes avec chaque résultat
Percentile par nombre de réponses
Votre historique - résultats
Vous n’avez pas pris ce quiz